A Policy on Geometric Design of Highways and Streets 2004 / (Record no. 1945)
[ view plain ]
| 000 -LEADER | |
|---|---|
| fixed length control field | 00286 a2200097 4500 |
| 020 ## - INTERNATIONAL STANDARD BOOK NUMBER | |
| International Standard Book Number | 1560512636 |
| 082 ## - DEWEY DECIMAL CLASSIFICATION NUMBER | |
| Classification number | 625.7250973 AAS |
| 245 ## - TITLE STATEMENT | |
| Title | A Policy on Geometric Design of Highways and Streets 2004 / |
| 260 ## - PUBLICATION, DISTRIBUTION, ETC. | |
| Place of publication, distribution, etc. | Washington: |
| Date of publication, distribution, etc. | AASHTO, |
| Name of publisher, distributor, etc. | 2004 |
| 300 ## - PHYSICAL DESCRIPTION | |
| Extent | 896p. : |
| Other physical details | ill. ; |
| Dimensions | 27cm |
| Accompanying material | 1 CD-ROM |
| 650 ## - SUBJECT ADDED ENTRY--TOPICAL TERM | |
| Topical term or geographic name entry element | geometric design |
| Withdrawn status | Lost status | Damaged status | Not for loan | Permanent Location | Current Location | Shelving location | Date acquired | Total Checkouts | Total Renewals | Full call number | Barcode | Date last seen | Date last checked out | Price effective from | Koha item type |
|---|---|---|---|---|---|---|---|---|---|---|---|---|---|---|---|
| School of Civil and Environmental Engineering (SCEE) | School of Civil and Environmental Engineering (SCEE) | 5 | 2 | 625.7250973 AAS | NIT-3941 | 06/01/2023 | 03/29/2023 | 01/05/2017 | Book |
